000 00922nam a22002297a 4500
005 20240530110524.0
008 150531s2011 ua a g b 000 0 ara d
017 _a10795
_bمصر . دار الكتب المصرية
020 _a9789773771223
040 _aEG-CaGPL
082 0 4 _221
_a658.83\
_bهـ أ
100 1 _aهيل ، دان .
245 1 2 _aالاقتصاد العاطفى :
_bدور العواطف فى الارتقاء بالاعمال التجارية /
_cتاليف دان هيل ؛ تقديم سام سيمون ؛ ترجمة مجدى صابر محمد .
250 _aط1.
260 _aالقاهرة :
_bمجموعة النيل العربية ،
_c2011 .
300 _a490 ص ؛
_c24 سم .
650 0 4 _aالاقتصاد .
650 0 4 _aالاعمال التجارية .
700 0 _aمجدى صابر محمد
_eمترجم
942 _2ddc
_cBK
999 _c61962
_d61962